| 000 | 00000nam##2200000za#4500 |
| 001 | 9.659693 |
| 003 | CaOODSP |
| 005 | 20200328090524 |
| 007 | ta |
| 008 | 150407|1997||||xxc||||| f|0| 0 eng|d |
| 020 | |a0-662-63248-6 |
| 040 | |aCaOODSP|beng |
| 041 | |aeng |
| 041 | |afre |
| 043 | |an-cn--- |
| 086 | 1 |aP35-105/1997 |
| 110 | 1 |aCanada.|bPublic Works and Government Services Canada.|bGovernment Operational Service. |
| 245 | 10|aBilingual glossary on financial administration / |cPrepared by the Committee on Financial Administration Terminology. |
| 250 | |aFirst edition. |
| 260 | |aOttawa - Ontario : |bPublic Works and Government Services Canada. |c1997. |
| 300 | |avii, 85p. : |c28 cm. |
| 500 | |a"The aim of this glossary is to standardize the financial and accounting terminology used in federal government publications in order to make these publications easier to understand. It is intended for all Senior Full-Time Financial Officers in departments and agencies, for those responsible for finance and accounting in the central agencies, and for anyone who is required to write or translate financial and accounting texts."--Introduction. |
| 504 | |aBibliography. |
| 520 | 3 |aThe aim of this glossary is to standardize the financial and accounting terminology used in federal government publications in order to make these publications easier to understand. It is intended for all Senior Full-Time Financial Officers in departments and agencies, for those responsible for finance and accounting in the central agencies, and for anyone who is required to write or translate financial and accounting texts.--Introduction |
| 546 | |aBilingual |
| 563 | |aProcessed |
| 590 | |a97-44|b1997-10-31 |
| 690 | 07|aTerminology|2gcpds |
| 690 | 07|aFinancial management|2gcpds |
| 792 | |tLexique bilingue des finances publiques / |efre|w(CaOODSP)9.659694 |